000 00476nmm a2200145Ia 4500
008 251105s9999||||xx |||||||||||||||||und||
041 _aspa
100 _aPonce de León Cárdenas, Enrique
245 0 _aElijo ser feliz
264 _a[Madrid, España] :
_bMedinaliber Hispánica,
_c[Fecha de publicación no identificada]
300 _a0 páginas
650 _aSelf-help and personal development
856 _uhttps://public.digitaliapublishing.com/a/119713
942 _cCF
999 _c101301
_d101301